Βασικές αρχές σημάτων και συστημάτων Γεώργιος Καραγιάννης, Πέτρος Α. Μαραγκός.
Αποθηκεύτηκε σε:
| Κύριοι συγγραφείς: | , |
|---|---|
| Μορφή: | Βιβλίο |
| Γλώσσα: | Greek |
| Δημοσίευση: |
Αθήνα :
Παπασωτηρίου,
2011.
|
| Θέματα: | |
| Ετικέτες: |
Προσθήκη ετικέτας
Δεν υπάρχουν, Καταχωρήστε ετικέτα πρώτοι!
|
MARC
| LEADER | 00000cam a2200000 a 4500 | ||
|---|---|---|---|
| 001 | 1/114198 | ||
| 008 | 170531t2011####gr | ||| |||| ||gre|| | ||
| 020 | |a 9607182898 |q (χαρτόδετο) | ||
| 020 | |a 9789607182898 |q (χαρτόδετο) | ||
| 040 | |a GR-MyUa |b gre |c GR-MyUa |e AACR2 | ||
| 041 | 0 | |a gre | |
| 082 | 7 | |a 621.38223 |2 (23) | |
| 100 | 1 | |a Καραγιάννης, Γιώργος, |d 1945- | |
| 245 | 1 | 0 | |a Βασικές αρχές σημάτων και συστημάτων / |b Γεώργιος Καραγιάννης, Πέτρος Α. Μαραγκός. |
| 260 | |a Αθήνα : |b Παπασωτηρίου, |c 2011. | ||
| 300 | |a x, 445 σ. : |b πίν., σχέδια ; |c 24 εκ. | ||
| 504 | |a Βιβλιογραφία: σ. 443-445. | ||
| 650 | 0 | |a Signal theory (Telecommunication) | |
| 650 | 0 | |a Signal processing |x Mathematics. | |
| 700 | 1 | |a Μαραγκός, Πέτρος Α. |e aut | |
| 852 | |a INST |b CHIOS |c EUDOXUS |e 20170531 |h 621.38223 ΚΑΡ |p 005200038356 |q 005200038356 |t BK |y 0 | ||
| 852 | |a INST |b SAMOS |c EUDOXUS |e 20180201 |h 621.38223 ΚΑΡ |p 005300045119 |q 005300045119 |t EDX |y 23 | ||
| 852 | |a INST |b SAMOS |c EUDOXUS |e 20180201 |h 621.38223 ΚΑΡ |p 005300045120 |q 005300045120 |t EDX |y 0 | ||
| 852 | |a INST |b SAMOS |c EUDOXUS |e 20180424 |h 621.38223 ΚΑΡ |p 005300045386 |q 005300045386 |t EDX |y 0 | ||
| 852 | |a INST |b SAMOS |c EUDOXUS |e 20180530 |h 621.38223 ΚΑΡ |p 005300045499 |q 005300045499 |t EDX |y 0 | ||
| 852 | |a INST |b SAMOS |c EUDOXUS |e 20180530 |h 621.38223 ΚΑΡ |p 005300045500 |q 005300045500 |t EDX |y 0 | ||
| 852 | |a INST |b SAMOS |c EUDOXUS |e 20180530 |h 621.38223 ΚΑΡ |p 005300045501 |q 005300045501 |t EDX |y 0 | ||
| 920 | |a Εύδοξος |b Εύδοξος |y Χίος-ΤΝΕΥ |z 2017-05 | ||
| 920 | |a Εύδοξος |b Εύδοξος |y Σάμος-ΤΜΠΕΣ |z 2018-01 | ||
| 920 | |a Εύδοξος |b Επιστροφή |y Σάμος |z 2018-04 | ||
| 920 | |a Εύδοξος |b Παραγγελία |y Σάμος-ΤΜΠΕΣ |z 2018-05 | ||
| 970 | |a Σπέντζα |b Ελένη |z 31-05-2017 | ||